Health for all (Record no. 197533)
[ view plain ]
| 000 -LEADER | |
|---|---|
| fixed length control field | 00372nam a22001457a 4500 |
| 008 - FIXED-LENGTH DATA ELEMENTS--GENERAL INFORMATION | |
| fixed length control field | 230824b ||||| |||| 00| 0 eng d |
| 082 ## - DEWEY DECIMAL CLASSIFICATION NUMBER | |
| Classification number | 613-KUM |
| 100 ## - MAIN ENTRY--PERSONAL NAME | |
| Personal name | Delhi |
| Dates associated with a name | A.I.C.B. |
| Fuller form of name | Rohini |
| 245 ## - TITLE STATEMENT | |
| Title | Health for all |
| Medium | English |
| 260 ## - PUBLICATION, DISTRIBUTION, ETC. (IMPRINT) | |
| Place of publication, distribution, etc | Delhi |
| Name of publisher, distributor, etc | A.I.C.B. |
| Date of publication, distribution, etc | Rohini |
| 270 ## - ADDRESS | |
| Address | A.I.C.B. Rohini, Delhi |
| 300 ## - PHYSICAL DESCRIPTION | |
| Extent | 12x13 |
| 490 ## - SERIES STATEMENT | |
| Volume number/sequential designation | 1 |
| 942 ## - ADDED ENTRY ELEMENTS (KOHA) | |
| Source of classification or shelving scheme | Dewey Decimal Classification |
| Item type | Braille-Books-English |
| Call number prefix | 613 |
| Call number suffix | KUM |
| Withdrawn status | Lost status | Not for loan | Home library | Current library | Date acquired | Cost, normal purchase price | Full call number | Barcode | Koha item type |
|---|---|---|---|---|---|---|---|---|---|
| Braille-Library | Braille-Library | 24/08/2023 | 112.00 | 613-KUM | BR-004418 | Braille-Books-English | |||
| Braille-Library | Braille-Library | 24/08/2023 | 112.00 | 613-KUM | BR-004419 | Braille-Books-English | |||
| Braille-Library | Braille-Library | 24/08/2023 | 112.00 | 613-KUM | BR-004420 | Braille-Books-English | |||
| Braille-Library | Braille-Library | 24/08/2023 | 112.00 | 613-KUM | BR-004421 | Braille-Books-English |
